[Event "1. Bundesliga 2014/2015"]
[Site "Feffernitz, St. Veit/Glan, Mayrhofen"]
[Date "2015.03.01"]
[Round "8"]
[Board "5"]
[White "Boensch, Uwe"]
[Black "Naumann, Alexander"]
[Result "1/2-1/2"]
[WhiteElo "2541"]
[BlackElo "2542"]
[PlyCount "65"]
[EventDate "2014.11.20"]
[EventType "team"]
[EventRounds "11"]
[EventCountry "AUT"]
[WhiteTeam "Sparkasse Jenbach"]
[BlackTeam "Schachclub MPOE Maria Saal"]

1.d4 Nf6 2.c4 g6 3.Nf3 Bg7 4.g3 c6 5.Bg2 d5 6.cxd5 cxd5 7.O-O O-O 8.Ne5 Ne4 9.Nd2
Nd7 10.Nxd7 Qxd7 11.Nxe4 dxe4 12.Bxe4 Qxd4 13.Qxd4 Bxd4 14.Rd1 Bg7 15.Bf4 Be6 16.Bxb7
Rad8 17.Bc7 Rxd1+ 18.Rxd1 Bxa2 19.e4 Bb3 20.Rd2 e6 21.e5 f6 22.Rd3 Rf7 23.Rd8+ Rf8
24.Rd3 Rf7 25.Rd8+ Rf8 26.Rxf8+ Kxf8 27.f4 Kf7 28.Bd6 fxe5 29.Bxe5 Bf8 30.Bd4 a5 31.Kf2
a4 32.Be4 a3 33.bxa3 1/2-1/2

[Event "1. Bundesliga 2014/2015"]
[Site "Feffernitz, St. Veit/Glan, Mayrhofen"]
[Date "2015.03.01"]
[Round "8"]
[Board "6"]
[White "Kreisl, Robert"]
[Black "Lehner, Oliver"]
[Result "1/2-1/2"]
[WhiteElo "2421"]
[BlackElo "2425"]
[PlyCount "68"]
[EventDate "2014.11.20"]
[EventType "team"]
[EventRounds "11"]
[EventCountry "AUT"]
[WhiteTeam "Schachclub MPOE Maria Saal"]
[BlackTeam "Sparkasse Jenbach"]

1.Nf3 Nf6 2.c4 g6 3.Nc3 Bg7 4.e4 d6 5.d4 O-O 6.Be2 e5 7.d5 Na6 8.O-O Ne8 9.Ne1 f5
10.Nd3 fxe4 11.Nxe4 Nf6 12.Bg5 Bf5 13.Bf3 Qd7 14.Bxf6 Bxf6 15.b4 Bg7 16.Rc1 Qd8 17.c5
Nb8 18.Re1 Bxe4 19.Bxe4 Nd7 20.g3 Nf6 21.Bg2 Bh6 22.Rc4 b5 23.cxb6 axb6 24.Qc2 Ra3
25.b5 Qd7 26.Ra4 Rxa4 27.Qxa4 Bd2 28.Re2 Bc3 29.Qc4 Bd4 30.h3 h5 31.Ne1 Bc5 32.Nd3
Bd4 33.Ne1 Bc5 34.Nd3 Bd4 1/2-1/2

[Event "1. Bundesliga 2014/2015"]
[Site "Feffernitz, St. Veit/Glan, Mayrhofen"]
[Date "2015.03.19"]
[Round "9"]
[Board "1"]
[White "Ragger, Markus"]
[Black "Haba, Petr"]
[Result "1-0"]
[WhiteElo "2661"]
[BlackElo "2512"]
[PlyCount "129"]
[EventDate "2014.11.20"]
[EventType "team"]
[EventRounds "11"]
[EventCountry "AUT"]
[WhiteTeam "Schachclub MPOE Maria Saal"]
[BlackTeam "Spk. Grieskirchen/Schallerbach"]

1.e4 e5 2.Nf3 Nf6 3.Nxe5 d6 4.Nf3 Nxe4 5.d4 d5 6.Bd3 Nc6 7.O-O Be7 8.Nc3 Nxc3 9.bxc3
Bg4 10.Rb1 Rb8 11.Re1 O-O 12.h3 Bh5 13.c4 Nxd4 14.Bxh7+ Kxh7 15.Qxd4 Bf6 16.Qxd5 Qxd5
17.cxd5 Rfd8 18.Rb5 Bxf3 19.gxf3 c6 20.dxc6 bxc6 21.Rc5 Rb6 22.Kg2 Ra6 23.a3 Rd5 24.Rc4
Rd4 25.Re4 Rd1 26.Be3 Rxa3 27.Rxc6 Raa1 28.f4 Rd7 29.Re8 Bd4 30.Rcc8 Bxe3 31.f5 Kh6
32.Rxe3 Ra6 33.h4 g6 34.Ree8 Kg7 35.Rh8 Rad6 36.Rhg8+ Kf6 37.fxg6 fxg6 38.c4 Rf7 39.c5
Rd2 40.Kg3 Rd3+ 41.Kg4 Rd4+ 42.f4 Ke7 43.Rc7+ Kf6 44.Rxf7+ Kxf7 45.Ra8 Rd7 46.Rc8
Kf6 47.c6 Rf7 48.Rd8 Ke6 49.Kg5 Rc7 50.Kxg6 Rxc6 51.Rd1 Ke7+ 52.Kg7 Ke6 53.Kg6 Ke7+
54.Kg5 a5 55.h5 a4 56.h6 Kf7 57.Rd7+ Kg8 58.Ra7 a3 59.Rxa3 Rc7 60.Ra6 Kh7 61.Re6 Ra7
62.Re1 Ra5+ 63.f5 Ra7 64.Re5 Rb7 65.f6 1-0

[Event "1. Bundesliga 2014/2015"]
[Site "Feffernitz, St. Veit/Glan, Mayrhofen"]
[Date "2015.03.19"]
[Round "9"]
[Board "2"]
[White "Kilgus, Georg"]
[Black "Predojevic, Borki"]
[Result "0-1"]
[WhiteElo "2429"]
[BlackElo "2618"]
[PlyCount "100"]
[EventDate "2014.11.20"]
[EventType "team"]
[EventRounds "11"]
[EventCountry "AUT"]
[WhiteTeam "Spk. Grieskirchen/Schallerbach"]
[BlackTeam "Schachclub MPOE Maria Saal"]

1.Nf3 Nf6 2.g3 b6 3.Bg2 Bb7 4.O-O g6 5.c4 c5 6.d4 cxd4 7.Qxd4 Bg7 8.Nc3 Nc6 9.Qf4
Qb8 10.Nd5 Qxf4 11.Bxf4 Rc8 12.Rac1 Nh5 13.b3 e6 14.Nc3 Nxf4 15.gxf4 Ke7 16.Rfd1 Rhd8
17.Ne1 Na5 18.Nb5 Bxg2 19.Kxg2 a6 20.Nd6 Rc6 21.Ne4 Nb7 22.Ng5 Nc5 23.Nd3 h6 24.Nf3
Rc7 25.Nxc5 bxc5 26.Rd3 a5 27.Rcd1 a4 28.e4 axb3 29.axb3 f5 30.e5 g5 31.Kg3 Ra7 32.h4
gxf4+ 33.Kxf4 Rg8 34.Rg1 h5 35.Rgd1 Bh6+ 36.Ng5 Rga8 37.Ke3 Rb7 38.f4 Ra2 39.R1d2
Ra1 40.Nf3 Rb1 41.Rc2 R7xb3 42.Rcc3 Rxc3 43.Rxc3 Rb2 44.Ra3 Rg2 45.Ra5 Rg4 46.Rxc5
Bxf4+ 47.Kd3 Bg3 48.Rc8 Rf4 49.Ke3 Re4+ 50.Kd3 Bxe5 0-1

[Event "1. Bundesliga 2014/2015"]
[Site "Feffernitz, St. Veit/Glan, Mayrhofen"]
[Date "2015.03.19"]
[Round "9"]
[Board "3"]
[White "Buhmann, Rainer"]
[Black "Schwabeneder, Florian"]
[Result "1/2-1/2"]
[WhiteElo "2583"]
[BlackElo "2320"]
[PlyCount "152"]
[EventDate "2014.11.20"]
[EventType "team"]
[EventRounds "11"]
[EventCountry "AUT"]
[WhiteTeam "Schachclub MPOE Maria Saal"]
[BlackTeam "Spk. Grieskirchen/Schallerbach"]

1.d4 Nf6 2.c4 c5 3.d5 e5 4.Nc3 d6 5.e4 Be7 6.g3 Nbd7 7.Bg2 a6 8.a4 O-O 9.Qd3 b6 10.Bd2
Ne8 11.h4 Rb8 12.Nge2 Nc7 13.b3 Nf6 14.Nd1 Nce8 15.Ne3 g6 16.Bh3 Bxh3 17.Rxh3 Qd7
18.Rh1 Ng7 19.f3 h5 20.Kd1 b5 21.Kc2 Rb7 22.Nc3 bxa4 23.Rxa4 Rfb8 24.Rb1 Nfe8 25.Ra3
Qh3 26.Ne2 Rb6 27.Ba5 R6b7 28.Be1 Rb6 29.Ba5 R6b7 30.Raa1 Qd7 31.Be1 Rb6 32.Ba5 R6b7
33.Bc3 Bf6 34.Ra3 Be7 35.Bd2 Rb6 36.Rh1 f5 37.Nc3 Nf6 38.Rg1 Kh8 39.Ned1 fxe4 40.fxe4
Ng4 41.Rf1 Kg8 42.Ne3 Rf8 43.Raa1 Rxf1 44.Rxf1 Rb8 45.Nxg4 hxg4 46.Bh6 Nh5 47.Qe3
Bf6 48.Ra1 Qb7 49.Nd1 Bg7 50.Bxg7 Kxg7 51.Nf2 Nf6 52.Ra3 Rf8 53.Ra2 Qc8 54.Kc1 Nh7
55.Qe2 Rf3 56.Rd2 Rxg3 57.Rd3 Rxd3 58.Qxd3 Nf6 59.Qg3 Qf8 60.Qg2 Qh8 61.Nxg4 Qxh4
62.Nxf6 Kxf6 63.Kb2 Kg7 64.Qf3 Qh5 65.Qf2 Qg4 66.b4 cxb4 67.c5 dxc5 68.Qxc5 Qxe4 69.Qe7+
Kh6 70.d6 Qd4+ 71.Kc2 Qc3+ 72.Kd1 Qd3+ 73.Ke1 Qe3+ 74.Kd1 Qd3+ 75.Ke1 Qe3+ 76.Kd1
Qd3+ 1/2-1/2

[Event "1. Bundesliga 2014/2015"]
[Site "Feffernitz, St. Veit/Glan, Mayrhofen"]
[Date "2015.03.19"]
[Round "9"]
[Board "4"]
[White "Singer, Christoph"]
[Black "Kreisl, Robert"]
[Result "0-1"]
[WhiteElo "2358"]
[BlackElo "2421"]
[PlyCount "120"]
[EventDate "2014.11.20"]
[EventType "team"]
[EventRounds "11"]
[EventCountry "AUT"]
[WhiteTeam "Spk. Grieskirchen/Schallerbach"]
[BlackTeam "Schachclub MPOE Maria Saal"]

1.e4 c6 2.d4 d5 3.exd5 cxd5 4.Bd3 Nc6 5.c3 Qc7 6.h3 Nf6 7.Nf3 g6 8.O-O Bf5 9.Bxf5
gxf5 10.Qe2 e6 11.c4 dxc4 12.Qxc4 Rd8 13.Nc3 Be7 14.Re1 Qb6 15.a3 Nxd4 16.Nxd4 Rxd4
17.Qe2 Rg8 18.Be3 Qc6 19.Qb5 Qxb5 20.Nxb5 Rc4 21.Bxa7 Nd5 22.Rac1 Rxc1 23.Rxc1 Kd7
24.Bd4 Bd8 25.Be5 f6 26.Bd6 Bb6 27.Kf1 f4 28.Rd1 Ra8 29.Bb4 Kc6 30.Nd4+ Bxd4 31.Rxd4
b5 32.Be1 e5 33.Rd1 f5 34.Rc1+ Kd6 35.Bc3 e4 36.Bd4 Ra4 37.Bc5+ Ke6 38.b3 Ra8 39.Ra1
Rc8 40.Rc1 Ra8 41.Ra1 Rc8 42.Rc1 Nb6 43.Ke2 Kd5 44.b4 Nc4 45.f3 Ra8 46.Rd1+ Ke5 47.Rd7
Rxa3 48.Re7+ Kd5 49.Rf7 Ra2+ 50.Ke1 Ra1+ 51.Ke2 Ra2+ 52.Ke1 e3 53.Rxf5+ Ne5 54.Bxe3
Ke6 55.Rxf4 Nd3+ 56.Kf1 Nxf4 57.Bxf4 Rb2 58.Be3 Rxb4 59.Kf2 Rb2+ 60.Kg3 b4 0-1

[Event "1. Bundesliga 2014/2015"]
[Site "Feffernitz, St. Veit/Glan, Mayrhofen"]
[Date "2015.03.19"]
[Round "9"]
[Board "5"]
[White "Tratar, Marko"]
[Black "Lentrodt, Thomas"]
[Result "1-0"]
[WhiteElo "2475"]
[BlackElo "2271"]
[PlyCount "77"]
[EventDate "2014.11.20"]
[EventType "team"]
[EventRounds "11"]
[EventCountry "AUT"]
[WhiteTeam "Schachclub MPOE Maria Saal"]
[BlackTeam "Spk. Grieskirchen/Schallerbach"]

1.d4 Nf6 2.c4 e6 3.Nf3 Bb4+ 4.Nbd2 b6 5.e3 Bb7 6.Bd3 O-O 7.O-O d5 8.a3 Be7 9.cxd5
exd5 10.b4 c5 11.bxc5 bxc5 12.Rb1 Qc7 13.dxc5 Ba6 14.Nb3 Bxd3 15.Qxd3 Nbd7 16.Bb2
Nxc5 17.Nxc5 Qxc5 18.Bxf6 Bxf6 19.Rb5 Qe7 20.Rxd5 Rfc8 21.Nd4 a6 22.Rb1 g6 23.g3 Rc5
24.Rxc5 Qxc5 25.Rb7 Rd8 26.Qb3 Qd5 27.Qxd5 Rxd5 28.Rb4 Rc5 29.Ra4 Bxd4 30.Rxd4 a5
31.Kg2 Kg7 32.a4 Kf6 33.Rd6+ Ke5 34.Ra6 Ke4 35.Ra7 f6 36.Rxh7 g5 37.Rf7 Rc4 38.Rxf6
Rxa4 39.h4 1-0

[Event "1. Bundesliga 2014/2015"]
[Site "Feffernitz, St. Veit/Glan, Mayrhofen"]
[Date "2015.03.19"]
[Round "9"]
[Board "6"]
[White "Schueller, Ernst"]
[Black "Rieger, Robert"]
[Result "1/2-1/2"]
[WhiteElo "2185"]
[BlackElo "2261"]
[PlyCount "108"]
[EventDate "2014.11.20"]
[EventType "team"]
[EventRounds "11"]
[EventCountry "AUT"]
[WhiteTeam "Spk. Grieskirchen/Schallerbach"]
[BlackTeam "Schachclub MPOE Maria Saal"]

1.Nf3 Nf6 2.g3 d5 3.Bg2 c5 4.O-O Nc6 5.d4 e6 6.a3 cxd4 7.Nxd4 Qb6 8.Nxc6 bxc6 9.Nc3
Be7 10.b4 O-O 11.Be3 Qa6 12.Qd3 Ng4 13.Bc5 Bxc5 14.bxc5 Ne5 15.Qd4 Nd7 16.f4 Qa5 17.Rfb1
Qxc5 18.Qxc5 Nxc5 19.Rb2 Ba6 20.Kf2 Rfd8 21.Rb4 Kf8 22.h4 Ke7 23.Nb1 Kd6 24.Nd2 Rdb8
25.Ke3 Rb6 26.Rab1 Rab8 27.c3 Nd7 28.Rd1 c5 29.Ra4 Kc7 30.c4 Rd6 31.cxd5 exd5 32.Kf2
Bb5 33.Rxa7+ Kb6 34.Rxd7 Rxd7 35.Rb1 Ra8 36.Nc4+ dxc4 37.Bxa8 Ka5 38.Be4 Rd2 39.Rc1
h6 40.Rc3 Rb2 41.Bc2 Kb6 42.g4 Ra2 43.g5 Ra1 44.Be4 Bc6 45.Rxc4 Rxa3 46.f5 Bb5 47.Rc1
hxg5 48.hxg5 Ra2 49.Rc2 Ra4 50.Ke3 Bc6 51.Bxc6 Kxc6 52.Kf3 c4 53.e4 Kc5 54.Kf4 Rb4 1/2-1/2

[Event "1. Bundesliga 2014/2015"]
[Site "Feffernitz, St. Veit/Glan, Mayrhofen"]
[Date "2015.03.19"]
[Round "9"]
[Board "1"]
[White "Martinovic, Sasa"]
[Black "Volokitin, Andrei"]
[Result "1/2-1/2"]
[WhiteElo "2520"]
[BlackElo "2642"]
[PlyCount "44"]
[EventDate "2014.11.20"]
[EventType "team"]
[EventRounds "11"]
[EventCountry "AUT"]
[WhiteTeam "SK Hohenems"]
[BlackTeam "Sparkasse Jenbach"]

1.d4 Nf6 2.c4 g6 3.Nc3 d5 4.Nf3 Bg7 5.Bg5 Ne4 6.Bf4 Nxc3 7.bxc3 dxc4 8.e3 b5 9.a4
c6 10.Qb1 Bf5 11.e4 Bd7 12.Bxc4 bxc4 13.Qb7 Na6 14.Qxa6 c5 15.Qxc4 cxd4 16.cxd4 Rc8
17.Qa6 Be6 18.Qb5+ Bd7 19.Qa6 Be6 20.Qb5+ Bd7 21.Qa6 Be6 22.Qb5+ Bd7 1/2-1/2

[Event "1. Bundesliga 2014/2015"]
[Site "Feffernitz, St. Veit/Glan, Mayrhofen"]
[Date "2015.03.19"]
[Round "9"]
[Board "2"]
[White "Nisipeanu, Liviu-Dieter"]
[Black "Atlas, Valery"]
[Result "1-0"]
[WhiteElo "2651"]
[BlackElo "2433"]
[PlyCount "105"]
[EventDate "2014.11.20"]
[EventType "team"]
[EventRounds "11"]
[EventCountry "AUT"]
[WhiteTeam "Sparkasse Jenbach"]
[BlackTeam "SK Hohenems"]

1.d4 Nf6 2.c4 c5 3.d5 e5 4.Nc3 d6 5.e4 Nbd7 6.g3 Be7 7.Bg2 O-O 8.Nge2 a6 9.a4 b6 10.O-O
Ne8 11.b3 Ra7 12.Be3 g6 13.Qd2 f5 14.Bh6 Ng7 15.f4 Nf6 16.h3 Kh8 17.fxe5 dxe5 18.Rad1
Bd6 19.Rf2 Raf7 20.Rdf1 Qc7 21.Bg5 Ngh5 22.exf5 gxf5 23.Rxf5 Bxf5 24.Rxf5 Ng7 25.Rf1
Nfe8 26.Rxf7 Qxf7 27.Ne4 Nf5 28.a5 Qc7 29.axb6 Qxb6 30.Qd3 Qc7 31.g4 Nd4 32.Bh6 Rg8
33.Nxd4 exd4 34.b4 Bh2+ 35.Kh1 Bf4 36.Bxf4 Qxf4 37.bxc5 Qe3 38.Qxe3 dxe3 39.Bf3 a5
40.Nc3 Rf8 41.Kg2 Kg7 42.Kg3 Rf7 43.c6 Ra7 44.c5 Nc7 45.d6 Ne6 46.Bd5 Kf6 47.Bxe6
Kxe6 48.c7 Ra8 49.Kf3 Kd7 50.Na4 Kc6 51.Kxe3 Re8+ 52.Kd3 Rf8 53.Nb6 1-0

[Event "1. Bundesliga 2014/2015"]
[Site "Feffernitz, St. Veit/Glan, Mayrhofen"]
[Date "2015.03.19"]
[Round "9"]
[Board "3"]
[White "Froewis, Georg"]
[Black "Schlosser, Philipp"]
[Result "1/2-1/2"]
[WhiteElo "2434"]
[BlackElo "2571"]
[PlyCount "94"]
[EventDate "2014.11.20"]
[EventType "team"]
[EventRounds "11"]
[EventCountry "AUT"]
[WhiteTeam "SK Hohenems"]
[BlackTeam "Sparkasse Jenbach"]

1.Nf3 d5 2.g3 g6 3.Bg2 Bg7 4.d4 e6 5.O-O Ne7 6.Nbd2 Nbc6 7.c3 f5 8.Nb3 b6 9.Bf4 h6
10.h4 O-O 11.Nc1 a5 12.Nd3 Ba6 13.Qd2 Kh7 14.Rfe1 Ng8 15.Nde5 Nce7 16.Rac1 Nf6 17.Qc2
Rc8 18.b4 Ne4 19.bxa5 bxa5 20.Nd2 c5 21.Nxe4 dxe4 22.Qa4 cxd4 23.cxd4 Rxc1 24.Rxc1
Bxe2 25.Nd7 Rg8 26.Rc5 Nd5 27.Be5 Bxe5 28.Nxe5 g5 29.Rxa5 gxh4 30.Ra7+ Rg7 31.Ra8
Nb6 32.Rxd8 Nxa4 33.d5 exd5 34.Bh3 Bg4 35.Bxg4 fxg4 36.Rxd5 hxg3 37.fxg3 Nc3 38.Rc5
Nxa2 39.Rc4 h5 40.Rxe4 Nc3 41.Rc4 Nd5 42.Rc5 Nf6 43.Nd3 Ra7 44.Nf4 Ra3 45.Nxh5 Nxh5
46.Rxh5+ Kg6 47.Rb5 Rxg3+ 1/2-1/2

[Event "1. Bundesliga 2014/2015"]
[Site "Feffernitz, St. Veit/Glan, Mayrhofen"]
[Date "2015.03.19"]
[Round "9"]
[Board "4"]
[White "Shengelia, David"]
[Black "Baldauf, Marco"]
[Result "1-0"]
[WhiteElo "2560"]
[BlackElo "2420"]
[PlyCount "119"]
[EventDate "2014.11.20"]
[EventType "team"]
[EventRounds "11"]
[EventCountry "AUT"]
[WhiteTeam "Sparkasse Jenbach"]
[BlackTeam "SK Hohenems"]

1.d4 Nf6 2.g3 e6 3.c4 c5 4.d5 exd5 5.cxd5 d6 6.Bg2 g6 7.e4 Bg7 8.Ne2 O-O 9.O-O Re8
10.f3 Nbd7 11.Nbc3 a6 12.a4 Rb8 13.Rb1 b5 14.axb5 axb5 15.b4 cxb4 16.Na2 Qb6+ 17.Kh1
Ne5 18.Nxb4 Nfd7 19.Bb2 Nc4 20.Bxg7 Kxg7 21.Nc6 Rb7 22.Re1 Nde5 23.Ned4 Qc5 24.Nb4
Bd7 25.h3 f6 26.f4 Nf7 27.e5 dxe5 28.Ne6+ Bxe6 29.dxe6 Rd8 30.Nd3 Qe7 31.exf7 Rbd7
32.Rb3 Na5 33.Re3 Nxb3 34.Qxb3 Qxf7 35.Qxb5 e4 36.Bxe4 Re7 37.f5 gxf5 38.Qxf5 Qg6
39.Qf3 Qg5 40.Nf4 Kh8 41.Bd5 Rxe3 42.Qxe3 Qe5 43.Qa7 Re8 44.Kh2 Qb2+ 45.Bg2 Qe5 46.h4
Qe7 47.Qb6 Qe5 48.Qb7 Qe7 49.Qc6 Qe5 50.Nd5 Rf8 51.Qd7 Rg8 52.Nf4 Rg7 53.Qd3 Rg8 54.Be4
Qe7 55.Nd5 Qe5 56.Nf4 Qe7 57.Qd5 Re8 58.Bd3 Qe5 59.Qf7 Qe7 60.Qh5 1-0

[Event "1. Bundesliga 2014/2015"]
[Site "Feffernitz, St. Veit/Glan, Mayrhofen"]
[Date "2015.03.19"]
[Round "9"]
[Board "5"]
[White "Kessler, Luca"]
[Black "Boensch, Uwe"]
[Result "0-1"]
[WhiteElo "2324"]
[BlackElo "2541"]
[PlyCount "66"]
[EventDate "2014.11.20"]
[EventType "team"]
[EventRounds "11"]
[EventCountry "AUT"]
[WhiteTeam "SK Hohenems"]
[BlackTeam "Sparkasse Jenbach"]

1.d4 Nf6 2.c4 e6 3.Nc3 d5 4.cxd5 exd5 5.Bg5 c6 6.e3 Be7 7.Bd3 Nbd7 8.Qc2 h6 9.Bf4
Nh5 10.Nge2 Nxf4 11.Nxf4 Bd6 12.Nfe2 Nf6 13.h3 O-O 14.O-O-O b5 15.f3 Be6 16.Kb1 Rb8
17.g4 c5 18.dxc5 Bxc5 19.Nd4 Bxd4 20.exd4 b4 21.Ne2 b3 22.axb3 Rb4 23.h4 Qb6 24.Nc1
Rc8 25.Qd2 Kh8 26.g5 Ng8 27.Bc2 Rxc2 28.Qxc2 Ne7 29.Qc3 Bf5+ 30.Ka1 Rb5 31.Na2 Nc6
32.gxh6 Nb4 33.hxg7+ Kg8 0-1

[Event "1. Bundesliga 2014/2015"]
[Site "Feffernitz, St. Veit/Glan, Mayrhofen"]
[Date "2015.03.19"]
[Round "9"]
[Board "6"]
[White "Lehner, Oliver"]
[Black "Novkovic, Milan"]
[Result "1/2-1/2"]
[WhiteElo "2425"]
[BlackElo "2380"]
[PlyCount "70"]
[EventDate "2014.11.20"]
[EventType "team"]
[EventRounds "11"]
[EventCountry "AUT"]
[WhiteTeam "Sparkasse Jenbach"]
[BlackTeam "SK Hohenems"]

1.e4 e6 2.d4 d5 3.Nc3 Nf6 4.e5 Nfd7 5.f4 c5 6.Nf3 b6 7.Be3 Nc6 8.Be2 Be7 9.O-O O-O
10.Qd2 f5 11.Nd1 cxd4 12.Nxd4 Nxd4 13.Bxd4 Nc5 14.Nf2 a5 15.Qe3 Ba6 16.Bxa6 Rxa6 17.Rac1
Ra7 18.Rfd1 Qc8 19.Qe2 Qc6 20.c4 Rd7 21.Be3 Rfd8 22.cxd5 Rxd5 23.Rxd5 Rxd5 24.Nd1
Rd8 25.Kf1 Qb7 26.Nf2 Rd5 27.Rd1 Rxd1+ 28.Qxd1 Qc6 29.b3 g6 30.Qe2 b5 31.Bd2 Bd8 32.Be3
Be7 33.Qc2 Qd5 34.Qe2 Qc6 35.Qc2 Qd5 1/2-1/2

[Event "1. Bundesliga 2014/2015"]
[Site "Feffernitz, St. Veit/Glan, Mayrhofen"]
[Date "2015.03.19"]
[Round "9"]
[Board "1"]
[White "Votava, Jan"]
[Black "Luther, Thomas"]
[Result "1/2-1/2"]
[WhiteElo "2524"]
[BlackElo "2570"]
[PlyCount "75"]
[EventDate "2014.11.20"]
[EventType "team"]
[EventRounds "11"]
[EventCountry "AUT"]
[WhiteTeam "Mayrhofen/SK Zell/Zillertal"]
[BlackTeam "SK Absam"]

1.d4 e6 2.c4 Nf6 3.Nf3 b6 4.g3 Bb7 5.Bg2 g6 6.O-O Bg7 7.Bg5 h6 8.Bxf6 Qxf6 9.Nc3 Qe7
10.e3 d6 11.Ne1 Bxg2 12.Nxg2 O-O 13.Qf3 c6 14.Rac1 a6 15.Rfd1 Ra7 16.b3 d5 17.cxd5
cxd5 18.Na4 Nd7 19.Nf4 b5 20.Nc5 Nxc5 21.Rxc5 Rc7 22.Nd3 Rxc5 23.Nxc5 Ra8 24.Rc1 h5
25.Nd3 Qd8 26.Rc6 Qd7 27.Rc5 Qd8 28.Qe2 Bf8 29.Rc6 Rc8 30.Qc2 Rxc6 31.Qxc6 Qa5 32.Qc2
Bd6 33.Kg2 Kg7 34.Qc6 Qd2 35.Qxd6 Qxd3 36.Qxa6 Qe4+ 37.Kg1 Qb1+ 38.Kg2 1/2-1/2

[Event "1. Bundesliga 2014/2015"]
[Site "Feffernitz, St. Veit/Glan, Mayrhofen"]
[Date "2015.03.19"]
[Round "9"]
[Board "2"]
[White "Dizdar, Goran"]
[Black "Lanka, Zigurds"]
[Result "1-0"]
[WhiteElo "2500"]
[BlackElo "2422"]
[PlyCount "79"]
[EventDate "2014.11.20"]
[EventType "team"]
[EventRounds "11"]
[EventCountry "AUT"]
[WhiteTeam "SK Absam"]
[BlackTeam "Mayrhofen/SK Zell/Zillertal"]

1.d4 Nf6 2.Nf3 g6 3.c4 Bg7 4.g3 O-O 5.Bg2 d6 6.O-O Nc6 7.Nc3 a6 8.d5 Na5 9.b3 c5 10.dxc6
Nxc6 11.Bb2 Qa5 12.Ne1 Qh5 13.Nd3 Bh6 14.Nd5 Nxd5 15.cxd5 Nb8 16.f4 Bh3 17.Bf3 Qf5
18.Re1 Qc8 19.e4 Bd7 20.e5 Bg7 21.Qd2 Bf5 22.Nf2 h5 23.exd6 exd6 24.Bxg7 Kxg7 25.Qd4+
Kg8 26.Rac1 Qd8 27.h3 g5 28.Bxh5 Nd7 29.Bg4 Bxg4 30.Nxg4 Qb6 31.Nf6+ Kg7 32.Qxb6 Nxb6
33.fxg5 Kg6 34.Rc7 Rab8 35.h4 Rfc8 36.Ree7 Kf5 37.Rxf7 Ke5 38.Rfe7+ Kd4 39.Rxc8 Rxc8
40.g6 1-0

[Event "1. Bundesliga 2014/2015"]
[Site "Feffernitz, St. Veit/Glan, Mayrhofen"]
[Date "2015.03.19"]
[Round "9"]
[Board "3"]
[White "Hausner, Ivan"]
[Black "Rotstein, Arkadij"]
[Result "1/2-1/2"]
[WhiteElo "2332"]
[BlackElo "2500"]
[PlyCount "85"]
[EventDate "2014.11.20"]
[EventType "team"]
[EventRounds "11"]
[EventCountry "AUT"]
[WhiteTeam "Mayrhofen/SK Zell/Zillertal"]
[BlackTeam "SK Absam"]

1.c4 g6 2.Nc3 Bg7 3.d4 d6 4.e4 e5 5.Nf3 exd4 6.Nxd4 Ne7 7.g3 Nbc6 8.Be3 O-O 9.Rc1
Nxd4 10.Bxd4 Bg4 11.Be2 Bxd4 12.Qxd4 Bxe2 13.Nxe2 Nc6 14.Qe3 f5 15.O-O Qf6 16.exf5
Rae8 17.Qd2 Qxf5 18.Rc3 Rf7 19.Nd4 Nxd4 20.Qxd4 b6 21.b4 Re4 22.Qd3 Qe5 23.a3 Re7
24.Rd1 Kg7 25.Rc2 a5 26.Qc3 Qxc3 27.Rxc3 Re1+ 28.Rxe1 Rxe1+ 29.Kg2 a4 30.Kf3 Kf6 31.h4
h5 32.Kf4 Re5 33.f3 c5 34.g4 cxb4 35.axb4 b5 36.c5 dxc5 37.bxc5 Re8 38.c6 Rc8 39.Rc5
b4 40.Rc4 b3 41.Rxa4 Rxc6 42.Rb4 Rc3 43.Rb6+ 1/2-1/2

[Event "1. Bundesliga 2014/2015"]
[Site "Feffernitz, St. Veit/Glan, Mayrhofen"]
[Date "2015.03.19"]
[Round "9"]
[Board "4"]
[White "Wegerle, Joerg"]
[Black "Maiwald, Jens-Uwe"]
[Result "1/2-1/2"]
[WhiteElo "2434"]
[BlackElo "2464"]
[PlyCount "111"]
[EventDate "2014.11.20"]
[EventType "team"]
[EventRounds "11"]
[EventCountry "AUT"]
[WhiteTeam "SK Absam"]
[BlackTeam "Mayrhofen/SK Zell/Zillertal"]

1.c4 g6 2.g3 Bg7 3.Bg2 d6 4.Nc3 Nc6 5.d3 a6 6.Qd2 Nf6 7.b3 O-O 8.Bb2 Bd7 9.Nf3 Rb8
10.O-O b5 11.Nd5 e6 12.Nxf6+ Bxf6 13.Bxf6 Qxf6 14.Rac1 b4 15.d4 Rfd8 16.e4 e5 17.d5
Ne7 18.c5 Bg4 19.Ne1 c6 20.h3 Bc8 21.Nd3 dxc5 22.Rxc5 cxd5 23.exd5 Bf5 24.Nxb4 Qb6
25.Rc4 a5 26.Nc2 Bxc2 27.Rxc2 Nf5 28.Kh2 Qb4 29.Qc1 Nd6 30.Qe3 Re8 31.Rc6 e4 32.Qf4
Rbd8 33.Rd1 a4 34.bxa4 Qxa4 35.Rdc1 Qa3 36.R1c3 Qa5 37.R3c5 Qa3 38.Rc3 Qa5 39.R3c5
Qa3 40.Rc2 Qb4 41.Rc7 Qa5 42.R7c5 Qa3 43.Qe3 Qxe3 44.fxe3 Ra8 45.g4 g5 46.Rc6 Red8
47.Bf1 Ra3 48.R6c3 Ra5 49.Bc4 Nxc4 50.Rxc4 Raxd5 51.Kg3 Re5 52.Rc5 Rdd5 53.Rxd5 Rxd5
54.Rc4 Rd3 55.Rxe4 Ra3 56.h4 1/2-1/2

[Event "1. Bundesliga 2014/2015"]
[Site "Feffernitz, St. Veit/Glan, Mayrhofen"]
[Date "2015.03.19"]
[Round "9"]
[Board "5"]
[White "Platzgummer, Fabian"]
[Black "Deglmann, Ludwig"]
[Result "1/2-1/2"]
[WhiteElo "2332"]
[BlackElo "2374"]
[PlyCount "58"]
[EventDate "2014.11.20"]
[EventType "team"]
[EventRounds "11"]
[EventCountry "AUT"]
[WhiteTeam "Mayrhofen/SK Zell/Zillertal"]
[BlackTeam "SK Absam"]

1.d4 f5 2.g3 Nf6 3.Bg2 g6 4.c3 d6 5.Qb3 Nc6 6.Bf4 e6 7.Nd2 Qe7 8.e4 e5 9.dxe5 dxe5
10.Bg5 h6 11.Be3 Qf7 12.h3 Qxb3 13.axb3 Bd7 14.b4 Bd6 15.Nc4 Nxe4 16.Bxe4 fxe4 17.Ne2
b5 18.Nd2 a5 19.Nb3 a4 20.Nd2 Be6 21.Nxe4 Ke7 22.g4 h5 23.gxh5 Rxh5 24.h4 Rhh8 25.Rg1
Bf5 26.N2g3 Bg4 27.Ne2 Bf5 28.N2g3 Bg4 29.Ne2 Bf5 1/2-1/2

[Event "1. Bundesliga 2014/2015"]
[Site "Feffernitz, St. Veit/Glan, Mayrhofen"]
[Date "2015.03.19"]
[Round "9"]
[Board "6"]
[White "De Francesco, Klaus"]
[Black "Tabernig, Bernhard"]
[Result "1-0"]
[WhiteElo "2237"]
[BlackElo "2328"]
[PlyCount "86"]
[EventDate "2014.11.20"]
[EventType "team"]
[EventRounds "11"]
[EventCountry "AUT"]
[WhiteTeam "SK Absam"]
[BlackTeam "Mayrhofen/SK Zell/Zillertal"]

1.d4 Nf6 2.c4 e6 3.Nc3 Bb4 4.Qc2 O-O 5.e4 d5 6.e5 Ne4 7.Bd3 c5 8.Nf3 Nc6 9.O-O Bxc3
10.bxc3 Qa5 11.Bxe4 dxe4 12.Qxe4 Qxc3 13.Ng5 g6 14.Qh4 h5 15.Ne4 Qxd4 16.Nf6+ Kg7
17.Nxh5+ gxh5 18.Qg5+ Kh7 19.Qxh5+ Kg8 20.Qg5+ Kh7 21.Qh6+ Kg8 22.Bg5 Qd3 23.Bf6 Qh7
24.Qe3 Nd4 25.Rad1 b6 26.Rd3 Bb7 27.Re1 Rfc8 28.Qg5+ Kf8 29.Rh3 Qxh3 30.Qg7+ Ke8 31.gxh3
Bf3 32.Re3 Kd7 33.Qxf7+ Kc6 34.Kf1 Rf8 35.Qe7 Rae8 36.Qd6+ Kb7 37.Qd7+ Kb8 38.Be7
Rxe7 39.Qxe7 Rf5 40.h4 a5 41.h5 Nc2 42.Rxf3 Rxf3 43.h6 Nd4 1-0

[Event "1. Bundesliga 2014/2015"]
[Site "Feffernitz, St. Veit/Glan, Mayrhofen"]
[Date "2015.03.19"]
[Round "9"]
[Board "1"]
[White "Schneider, Ilja"]
[Black "Prohaszka, Peter"]
[Result "1/2-1/2"]
[WhiteElo "2495"]
[BlackElo "2597"]
[PlyCount "93"]
[EventDate "2014.11.20"]
[EventType "team"]
[EventRounds "11"]
[EventCountry "AUT"]
[WhiteTeam "ASVOE Wulkaprodersdorf"]
[BlackTeam "SV Jacques Lemans St. Veit"]

1.e4 c6 2.d4 d5 3.e5 Bf5 4.Nc3 h5 5.Bd3 Bxd3 6.Qxd3 e6 7.Nf3 Nh6 8.O-O Be7 9.Nd1 Nd7
10.Ne3 g6 11.b3 Nf5 12.c4 Kf8 13.a4 Kg7 14.a5 Rc8 15.Bd2 Nb8 16.Rfc1 Nh6 17.Qe2 Qd7
18.h3 Na6 19.g4 hxg4 20.hxg4 Nc7 21.c5 Rh7 22.Kg2 Rch8 23.Rh1 Qd8 24.Rh3 Ng8 25.Rah1
Rxh3 26.Rxh3 Rxh3 27.Kxh3 Nb5 28.Nc2 a6 29.Kg3 Nh6 30.Qd1 Qh8 31.Qc1 Ng8 32.Kg2 Bd8
33.Na3 Na7 34.Qe1 Nh6 35.Kg3 Be7 36.Be3 Qd8 37.Qb4 Nb5 38.Nxb5 cxb5 39.Qd2 Ng8 40.Bg5
Qf8 41.Qc1 Bxg5 42.Nxg5 Ne7 43.Qh1 Qg8 44.Qf3 Qf8 45.Qh1 Qg8 46.Qf3 Qf8 47.Qh1 1/2-1/2